| 000 | 00646nam a2200229 i 4500 | ||
|---|---|---|---|
| 001 | bg | ||
| 100 | 1 | _aGRĘBOSZ, Jerzy. | |
| 245 | 1 | 0 |
_aSymfonia C++ : _bprogramowanie w języku C++ orientowane obiektowo. _nT. 2 / _cJerzy Grębosz. |
| 250 | _a[Wyd. 4 uzup.]. | ||
| 260 |
_aKraków : _b"Kallimach", _c1999. |
||
| 300 |
_aXI, S. 260-493 ; _c24 cm. |
||
| 650 | 9 | _aC (język programowania) | |
| 650 | 9 | _aProgramowanie obiektowe | |
| 655 | _aPodręczniki | ||
| 020 | _a839016891X | ||
| 040 | _cBPK | ||
| 041 | 0 | _apl | |
| 080 | _a004.045:004.438(07)C | ||
| 920 | _a83-901689-1-X | ||
| 942 | _cKS | ||
| 008 | s pl f |000 0 pol | ||
| 999 |
_c35922 _d35922 |
||
| 856 |
_uhttp://koha.tu.koszalin.pl/cgi-bin/koha/opac-detail.pl?biblionumber=35922 _yKatalog online BPK |
||